Sabiduría chilena de tradición oral : (cuentos) /

Bibliographic Details
Main Authors: Soublette, Gastón (Author), Robles, Marisol (Author), Veloz, Verónica (Author)
Format: Electronic eBook
Language:Spanish
Published: Santiago, Chile : Ediciones UC, [2013]
Subjects:
Online Access:Digitalia Hispánica

MARC

LEADER 00000nam a2200000Ii 4500
001 DIGUCCH0275
003 NyNyDIG
006 m o d
007 cr |||||||||||
008 250801s2013 cl ob 000 0 spa d
035 |a (OCoLC)927018251 
040 |a DGITA  |b eng  |e rda  |e pn  |c DGITA 
020 |a 9789561420854  |q edición digital 
020 |z 9789561413726  |q edición impresa 
043 |a s-cl--- 
050 1 4 |a GR133.C5 ebook 
100 1 |a Soublette, Gastón,  |e author. 
245 1 0 |a Sabiduría chilena de tradición oral :  |b (cuentos) /  |c Gastón Soublette, Marisol Robles, Verónica Veloz. 
264 1 |a Santiago, Chile :  |b Ediciones UC,  |c [2013] 
300 |a 1 online resource. 
336 |a text  |b txt  |2 rdacontent 
337 |a computer  |b c  |2 rdamedia 
338 |a online resource  |b cr  |2 rdacarrier 
347 |a text file  |2 rdaft 
347 |b EPUB 
504 |a Includes bibliographical references. 
588 0 |a Online resource; title from ePub title page (Digitalia, viewed August 1, 2025) 
650 0 |a Folklore  |z Chile. 
650 0 |a Oral tradition  |z Chile. 
700 1 |a Robles, Marisol,  |e author. 
700 1 |a Veloz, Verónica,  |e author. 
776 0 8 |i Print version:  |a Soublette, Gastón.  |t Sabiduría chilena de tradición oral.  |d Santiago, Chile : Ediciones UC, [2013]  |z 9789561413726 
791 2 |a Digitalia (Firm),  |e distributor. 
793 0 |g Digitalia eBook Collection:  |a Universidad Católica de Chile 
856 4 0 |3 Digitalia Hispánica  |u https://www.digitaliapublishing.com/a/175574/ 
910 |a Premium collection: 2025